[Event "Augustow op"]
[Site "Augustow"]
[Date "2004.??.??"]
[Round "4"]
[White "Buzun, Michal"]
[Black "Rzecki, Andrzej"]
[Result "1-0"]
[WhiteElo "2000"]
[BlackElo "1800"]
[PlyCount "79"]
[EventDate "2004.08.??"]
[EventType "swiss"]
[EventRounds "9"]
[EventCountry "POL"]
[SourceTitle "EXT 2008"]
[Source "ChessBase"]
[SourceDate "2007.11.25"]
[SourceVersion "1"]
[SourceVersionDate "2007.11.25"]
[SourceQuality "1"]

1. e4 e5 2. Nc3 Nf6 3. f4 d6 4. d4 exd4 5. Qxd4 Nc6 6. Bb5 Bd7 7. Bxc6 bxc6 8. Nf3 c5 9. Qd1 Be7 10. 0-0 0-0 11. Re1 Bg4 12. h3 Bh5 13. g4 Nxg4 14. hxg4 Bxg4 15. Kg2 c6 16. Be3 f5 17. Rh1 Rf6 18. e5 Rg6 19. exd6 Rxd6 20. Qf1 Bxf3+ 21. Kxf3 Rg6 22. Qh3 h6 23. Qxf5 Rf6 24. Qd3 Qf8 25. Qc4+ Kh7 26. Ne4 Rf5 27. Ke2 Rd8 28. Rag1 Rdd5 29. Ng5+ Bxg5 30. fxg5 Qe8 31. gxh6 g6 32. Rd1 Qf7 33. Rxd5 Rxd5 34. Qc3 Qd7 35. Rg1 Qe7 36. Qg7+ Qxg7 37. hxg7 Kxg7 38. Rg5 Rd6 39. Rxc5 Re6 40. Ra5 1-0

[Event "Augustow op"]
[Site "Augustow"]
[Date "2004.??.??"]
[Round "8"]
[White "Polishchuk, Oleg"]
[Black "Rzecki, Andrzej"]
[Result "1-0"]
[WhiteElo "2204"]
[BlackElo "1800"]
[PlyCount "79"]
[EventDate "2004.08.??"]
[EventType "swiss"]
[EventRounds "9"]
[EventCountry "POL"]
[SourceTitle "EXT 2008"]
[Source "ChessBase"]
[SourceDate "2007.11.25"]
[SourceVersion "1"]
[SourceVersionDate "2007.11.25"]
[SourceQuality "1"]

1. d4 d5 2. c4 e5 3. dxe5 d4 4. a3 Nc6 5. Nf3 Bf5 6. Bg5 Be7 7. Bf4 f6 8. h3 fxe5 9. Nxe5 Nxe5 10. Bxe5 Bf6 11. Bxf6 Qxf6 12. Qb3 Be4 13. Nd2 Bc6 14. Nf3 Ne7 15. 0-0-0 Rd8 16. Qd3 Ba4 17. Rd2 c5 18. e3 Bc6 19. exd4 cxd4 20. Nxd4 0-0 21. Qe3 Bd7 22. Bd3 Ng6 23. Bxg6 hxg6 24. g4 Rfe8 25. Qc3 Qf4 26. Rhd1 Ba4 27. b3 Bd7 28. Kc2 Bc8 29. Nb5 Rxd2+ 30. Rxd2 a6 31. Nd6 Rf8 32. Nxc8 Rxc8 33. Qd4 Qc7 34. Qd6 Qc6 35. Qxc6 Rxc6 36. f4 b5 37. Kc3 bxc4 38. bxc4 Kf7 39. Rd7+ Kf6 40. Kd4 1-0